| 000 | 00835nam a2200193 4500 | ||
|---|---|---|---|
| 001 | 7774 | ||
| 005 | 20181127184334.0 | ||
| 020 | 0 | 0 | _a9788192635101 |
| 082 |
_a330.95 _b _2 |
||
| 100 | 0 | 0 | _aKhan, Mansoor. |
| 245 | 0 | 0 |
_aThe third curve : _bthe end of growth as we know it / _cMansoor Khan. _h |
| 250 | 0 | 0 | _a1st ed. |
| 260 | 0 | 0 |
_aMumbai India; _bMansoor Khan Productions Pvt. Ltd. _c2013. |
| 300 | 0 | 0 | _a202 p ; 23 cm. |
| 505 |
_aCONTENTS: Acknowledgement -- Introduction -- Prelude -- Part I: 2 curves-concept vs. reality -- Part II: Peak oil - - Part III: Alternative energy solutions -- Part IV: The third curve -- Part V: Transition -- Sources & references - - Bibliography -- Reading & reference material. _g _r _t |
||
| 650 | 0 | 0 |
_aNeoliberalism Asia. _x |
| 651 |
_aAsia Economic policy. _v _x _y _z _2 |
||
| 999 |
_c6673 _d6673 |
||